meilleurs buteurs de l'équipe d'algérie - Statistiques

Statistiques générales
  • Ce quiz a été pris 120 fois
  • Le résultat moyen est 6 sur 15
Statistiques - réponses
Réponse NB % Correct
Mahrez 31
98%
slimani 45
91%
Madjer 28
74%
Bounedjah 27
62%
Belloumi 27
58%
Feghouli 19
50%
Brahimi 11
45%
Soudani 23
41%
Saïfi 18
26%
Tasfaout 36
23%
Assad 15
22%
Menad 25
13%
Bensaoula 19
11%
Lalmas 12
5%
Mecabih 10
4%
Aucun quiz correspondant
Distribution des résultats
% des personnes avec chaque résultat
Percentile par nombre de réponses
Votre historique - résultats
Vous n’avez pas pris ce quiz